[Event "PHI-ch (Women)"]
[Site "Malolos City"]
[Date "2024.03.19"]
[Round "4"]
[White "Mejia, Cherry Ann"]
[Black "Galas, Bernadette"]
[Result "1/2-1/2"]
[WhiteElo "1951"]
[BlackElo "1983"]
[PlyCount "70"]
[EventDate "2024.03.17"]
[EventType "tourn"]
[EventRounds "11"]
[EventCountry "PHI"]
[SourceTitle "CB13_2024"]
[SourceDate "2024.03.27"]
[SourceVersion "1"]
[SourceVersionDate "2024.03.27"]
[SourceQuality "1"]

1. e4 c5 2. c4 Nc6 3. Nc3 g6 4. g3 Bg7 5. Bg2 d6 6. Nge2 e6 7. d3 Nge7 8. Be3 Nd4 9. Qd2 a6 10. Rb1 Nec6 11. 0-0 0-0 12. a3 a5 13. h3 Rb8 14. Nb5 Nxe2+ 15. Qxe2 Nd4 16. Nxd4 cxd4 17. Bd2 b5 18. b4 a4 19. Rbc1 Ba6 20. c5 Rc8 21. f4 e5 22. f5 dxc5 23. bxc5 Rc6 24. h4 h6 25. Bh3 Qc7 26. Bb4 Bc8 27. Kh2 Bf6 28. fxg6 fxg6 29. Qa2+ Kg7 30. Bxc8 Qxc8 31. Qd5 Rd8 32. Qa2 Rf8 33. Qd5 Rd8 34. Qa2 Rf8 35. Qd5 Rd8 1/2-1/2

[Event "Bhubaneswar SOA op 1st"]
[Site "Bhubaneswar"]
[Date "2024.01.28"]
[Round "1"]
[White "Ritviz, Parab"]
[Black "Galas, Bernadette"]
[Result "1-0"]
[WhiteElo "2391"]
[BlackElo "2012"]
[PlyCount "59"]
[EventDate "2024.01.28"]
[EventType "swiss"]
[EventRounds "10"]
[EventCountry "IND"]
[SourceTitle "CB06_2024"]
[SourceDate "2024.02.07"]
[SourceVersion "1"]
[SourceVersionDate "2024.02.07"]
[SourceQuality "1"]

1. e4 c5 2. Nc3 Nc6 3. f4 g6 4. Nf3 Bg7 5. Bb5 Nd4 6. 0-0 Nxb5 7. Nxb5 a6 8. Nc3 d6 9. d3 b5 10. Qe1 b4 11. Nd5 Nf6 12. Ne3 Ng4 13. Nc4 0-0 14. a3 Be6 15. Qh4 Nf6 16. Ne3 Qc8 17. f5 Bd7 18. Nc4 Qc7 19. Bh6 Be6 20. Ne3 Bd7 21. Nc4 Bb5 22. Ng5 Bxc4 23. dxc4 Qd7 24. fxg6 Qg4 25. Qxg4 Nxg4 26. Bxg7 Kxg7 27. gxf7 Kg6 28. h4 h6 29. Ne6 Rxf7 30. h5+ 1-0

[Event "Asia Club-ch Hybrid"]
[Site "Tornelo INT"]
[Date "2021.11.05"]
[Round "3.5"]
[White "Galas, Bernadette"]
[Black "Sanudula, KM Dahamdi"]
[Result "1-0"]
[WhiteElo "2065"]
[BlackElo "1717"]
[PlyCount "151"]
[EventDate "2021.11.03"]
[EventType "team-swiss"]
[EventRounds "9"]
[EventCountry "NET"]
[SourceTitle "CBM 205 Extra"]
[Source "ChessBase"]
[SourceDate "2022.01.31"]
[SourceVersion "1"]
[SourceVersionDate "2022.01.31"]
[SourceQuality "1"]
[WhiteTeam "RiChess Masters"]
[BlackTeam "Super Knight CC"]
[WhiteTeamCountry "PHI"]
[BlackTeamCountry "SRI"]

1. e4 d5 2. exd5 Qxd5 3. Nc3 Qa5 4. Bc4 Nf6 5. d3 Bg4 6. f3 Bh5 7. Nge2 e6 8. a3 c6 9. Be3 Bd6 10. Qd2 Nbd7 11. 0-0 0-0 12. Bf4 Be7 13. Kh1 b5 14. Nd5 Qd8 15. Nxe7+ Qxe7 16. Ba2 Nd5 17. Bg5 f6 18. Bh4 e5 19. c4 bxc4 20. dxc4 Nc7 21. Ng3 Bg6 22. f4 exf4 23. Qxf4 Ne5 24. Nf5 Qd7 25. c5+ Kh8 26. Nd6 Nd3 27. Qe3 Nxb2 28. Rf2 Nd3 29. Rd2 Qg4 30. Bg3 Ne5 31. Bb3 Nb5 32. h3 Qh5 33. Bd1 Qh6 34. Bf4 Qh4 35. Kh2 Nxd6 36. cxd6 Nc4 37. Qd4 Nxd2 38. Qxd2 Bf5 39. Bf3 Bd7 40. Re1 Rfe8 41. Re7 Rad8 42. Rxd7 Rxd7 43. g3 Qxf4 44. Qxf4 Red8 45. Bxc6 Rxd6 46. Bg2 g5 47. Qf5 Kg7 48. Be4 Rd2+ 49. Kg1 Ra2 50. Qxh7+ Kf8 51. Bf3 Rdd2 52. Qh8+ Ke7 53. Qg7+ Ke6 54. Bg4+ f5 55. Qg6+ Ke7 56. Qxg5+ Kd6 57. Qf6+ Kc7 58. Qe7+ Kb6 59. Qe3+ Ka6 60. Qe6+ Kb7 61. Bf3+ Kc7 62. Qc6+ Kd8 63. Qa8+ Ke7 64. Qxa7+ Kd6 65. Qb6+ Ke7 66. Qc5+ Kd8 67. Qf8+ Kc7 68. Qg7+ Kd8 69. Qf6+ Kc7 70. Qe5+ Kd8 71. Kf1 Rf2+ 72. Ke1 Rfc2 73. h4 Rab2 74. h5 Rh2 75. Qd6+ Kc8 76. h6 1-0

[Event "Asian Online (Women)"]
[Site "Tornelo INT"]
[Date "2021.08.24"]
[Round "5"]
[White "Galas, Bernadette"]
[Black "Kiran, Manisha Mohanty"]
[Result "0-1"]
[WhiteElo "2065"]
[BlackElo "2168"]
[PlyCount "152"]
[EventDate "2021.08.23"]
[EventType "swiss (rapid)"]
[EventRounds "9"]
[EventCountry "NET"]
[SourceTitle "CBM 204 Extra"]
[Source "ChessBase"]
[SourceDate "2021.11.30"]
[SourceVersion "1"]
[SourceVersionDate "2021.11.30"]
[SourceQuality "1"]

1. e4 c5 2. Nf3 d6 3. d4 cxd4 4. Nxd4 Nf6 5. Nc3 Nc6 6. Nb3 g6 7. Be2 Bg7 8. Be3 0-0 9. g4 a5 10. g5 Nd7 11. h4 a4 12. Nd4 a3 13. b3 Nde5 14. Qd2 Ng4 15. Bxg4 Bxg4 16. Nxc6 bxc6 17. Bd4 e5 18. Be3 d5 19. Rg1 Bf3 20. Bc5 Re8 21. Qe3 dxe4 22. Nxe4 Bxe4 23. Qxe4 Qd5 24. Qxd5 cxd5 25. 0-0-0 d4 26. Rge1 Rec8 27. Bd6 Ra5 28. f4 exf4 29. Bxf4 Rac5 30. Re2 f6 31. Kb1 fxg5 32. Bxg5 h6 33. Be7 Ra5 34. Bb4 Ra6 35. Rg1 Rd8 36. Rd1 Rc8 37. Rg1 Rc7 38. Re8+ Kh7 39. Rd8 Bf6 40. Rd6 Rxd6 41. Bxd6 Rd7 42. Bg3 Be7 43. Kc1 g5 44. Kd2 gxh4 45. Be5 Bg5+ 46. Kd3 Kg6 47. Bxd4 Kf5 48. b4 h3 49. b5 h2 50. Rb1 Kg4 51. b6 Bf4 52. Ke4 Kg3 53. c4 Kg2 54. c5 Rf7 55. Be5 Bxe5 56. Kxe5 Rf1 57. Rxf1 Kxf1 58. Kd6 h1Q 59. c6 Qh2+ 60. Kd7 Qd2+ 61. Kc8 Qd6 62. Kb7 Qd5 63. Kc7 Qxa2 64. b7 Qh2+ 65. Kc8 Qh3+ 66. Kc7 Qg3+ 67. Kc8 Qg8+ 68. Kc7 a2 69. b8Q Qxb8+ 70. Kxb8 a1Q 71. c7 Qe5 72. Kb7 Qb5+ 73. Ka7 Qc5+ 74. Kb7 h5 75. c8Q Qxc8+ 76. Kxc8 h4 0-1

[Event "Zonal 3.3 Online"]
[Site "Tornelo INT"]
[Date "2021.05.02"]
[Round "2"]
[White "Galas, Bernadette"]
[Black "Keok, Kai En"]
[Result "1-0"]
[WhiteElo "2065"]
[BlackElo "1748"]
[PlyCount "111"]
[EventDate "2021.05.01"]
[EventType "swiss"]
[EventRounds "9"]
[EventCountry "PHI"]
[SourceTitle "CBM 202 Extra"]
[Source "ChessBase"]
[SourceDate "2021.07.31"]
[SourceVersion "1"]
[SourceVersionDate "2021.07.31"]
[SourceQuality "1"]

1. e4 c5 2. Nf3 d6 3. d4 cxd4 4. Nxd4 Nf6 5. Nc3 a6 6. Be2 e5 7. Nb3 Be7 8. Be3 Be6 9. Bf3 Nbd7 10. 0-0 0-0 11. Re1 Qc7 12. Nd2 Rac8 13. g4 Nb6 14. a4 Nfd7 15. a5 Nc4 16. Nxc4 Qxc4 17. Ra4 Qc7 18. Bg2 Nc5 19. Ra1 b5 20. axb6 Qxb6 21. Rb1 a5 22. h3 Qb4 23. Bd2 Qb6 24. Qf3 a4 25. Red1 Ra8 26. Be3 Qb4 27. Bd2 Qb6 28. Nd5 Bxd5 29. exd5 Rfb8 30. Qa3 h6 31. Be3 Rc8 32. Rd3 Qb5 33. Rc3 Ra5 34. Rd1 Qb6 35. Rc4 Rb5 36. Rxa4 Rxb2 37. c4 Qb3 38. Qxb3 Rxb3 39. Ra5 Nb7 40. Rb5 Rxb5 41. cxb5 Bg5 42. Ba7 Kf8 43. Bf1 Ke7 44. b6 Rc1 45. Rxc1 Bxc1 46. Ba6 Nc5 47. Bc8 Kd8 48. b7 Na6 49. Bb6+ Ke7 50. Bc7 Ba3 51. b8Q Nxb8 52. Bxb8 Bc5 53. Bc7 g6 54. Kf1 f5 55. gxf5 g5 56. Ke2 1-0

[Event "Online Olym Div2 A"]
[Site "Chess.com INT"]
[Date "2020.08.15"]
[Round "6.4"]
[White "Ryjanova, Julia"]
[Black "Galas, Bernadette"]
[Result "1-0"]
[WhiteElo "2300"]
[BlackElo "2081"]
[PlyCount "217"]
[EventDate "2020.08.14"]
[EventType "team-tourn (rapid)"]
[EventRounds "9"]
[EventCountry "USA"]
[SourceTitle "CBM 198"]
[Source "ChessBase"]
[SourceDate "2020.10.31"]
[SourceVersion "1"]
[SourceVersionDate "2020.10.31"]
[SourceQuality "1"]
[WhiteTeam "Australia"]
[BlackTeam "Philippines"]
[WhiteTeamCountry "AUS"]
[BlackTeamCountry "PHI"]

1. d4 d5 2. c4 dxc4 3. Nf3 Nf6 4. e3 e6 5. Bxc4 c5 6. Qe2 a6 7. dxc5 Bxc5 8. 0-0 0-0 9. e4 b5 10. Bd3 g6 11. a4 b4 12. Bg5 Be7 13. Nbd2 Nbd7 14. Nb3 Nh5 15. Bh6 Re8 16. Rfd1 Qc7 17. Rac1 Qb8 18. Qe3 Ne5 19. Nxe5 Qxe5 20. Qd4 Qxd4 21. Nxd4 Bf6 22. Be2 Bb7 23. f3 Rac8 24. Be3 Red8 25. Rxc8 Rxc8 26. Kf2 Rd8 27. g3 Ng7 28. Rd2 Ne8 29. b3 e5 30. Nc2 Rxd2 31. Bxd2 a5 32. Ne3 Bd8 33. Nc4 Bc7 34. Be3 Ba6 35. Bc5 f6 36. Ne3 Bxe2 37. Kxe2 Ng7 38. Nd5 Bd8 39. Be7 Bxe7 40. Nxe7+ Kf7 41. Nc6 Ne6 42. Nxa5 Nd4+ 43. Ke3 Ke6 44. f4 Kd7 45. fxe5 fxe5 46. Nc4 Nxb3 47. Nxe5+ Ke6 48. Nd3 Kd6 49. Nxb4 Kc5 50. Nd5 Kd6 51. Nf6 h6 52. Nd5 Ke5 53. Nf4 g5 54. Nd3+ Ke6 55. Nf2 h5 56. Nh3 Kf6 57. Nf2 Ke6 58. Kd3 Nc5+ 59. Kd4 Nxa4 60. Nh3 Kf6 61. Nf2 Ke6 62. Nd3 Nb6 63. Nc5+ Kf6 64. h3 Nc8 65. Kd5 Ne7+ 66. Kd6 Nc8+ 67. Kd5 Ne7+ 68. Kd4 Nc6+ 69. Ke3 Ke5 70. Nd3+ Kf6 71. Ne1 Ke5 72. Nf3+ Kf6 73. h4 g4 74. Ne1 Ne5 75. Ng2 Nc4+ 76. Kd4 Nd2 77. Nf4 Nf1 78. Nxh5+ Kf7 79. e5 Ke7 80. Ke4 Ke6 81. Nf4+ Kf7 82. Ne2 Ke6 83. Kf4 Nd2 84. Nd4+ Kd5 85. e6 Ne4 86. e7 Nf6 87. Kf5 Ne8 88. Ne6 Kd6 89. Nf4 Kxe7 90. Kxg4 Kf6 91. Nd5+ Kg7 92. Kg5 Nd6 93. g4 Ne4+ 94. Kf4 Nc5 95. Ne3 Kf6 96. g5+ Kg6 97. Kg4 Ne4 98. h5+ Kf7 99. Kf4 Nd6 100. Ng4 Kg7 101. Ne5 Nb5 102. Nf3 Na7 103. h6+ Kh7 104. Kf5 Nb5 105. Kf6 Nc7 106. Kf7 Nb5 107. g6+ Kxh6 108. g7 Nd6+ 109. Kf8 1-0

[Event "PHI-ch (Women)"]
[Site "Quezon City"]
[Date "2019.09.05"]
[Round "3"]
[White "Alcantara, May Ann"]
[Black "Galas, Bernadette"]
[Result "1/2-1/2"]
[WhiteElo "1796"]
[BlackElo "2091"]
[PlyCount "109"]
[EventDate "2019.09.04"]
[EventType "tourn"]
[EventRounds "13"]
[EventCountry "PHI"]
[SourceTitle "EXT 2020"]
[Source "ChessBase"]
[SourceDate "2019.10.17"]
[SourceVersion "1"]
[SourceVersionDate "2019.10.17"]
[SourceQuality "1"]

1. d4 f5 2. Nf3 Nf6 3. g3 g6 4. Bg2 Bg7 5. 0-0 0-0 6. c4 e6 7. Nc3 d6 8. Qc2 Nbd7 9. e4 Re8 10. e5 dxe5 11. dxe5 Ng4 12. Bg5 Re7 13. Bxe7 Qxe7 14. Rad1 Ngxe5 15. Nxe5 Nxe5 16. b3 Nf7 17. f4 c6 18. Kh1 Bf6 19. Qd2 Rb8 20. Ne2 c5 21. Ng1 Kg7 22. Nf3 Qc7 23. Rfe1 b6 24. Re2 a6 25. Qe1 Bd7 26. h4 Re8 27. Ng5 Nxg5 28. hxg5 Bd4 29. Qf1 Bc8 30. Bf3 Re7 31. Qh3 Kg8 32. Qh2 b5 33. cxb5 axb5 34. Rc2 Rd7 35. Qe2 Qb6 36. g4 fxg4 37. Bxg4 Rd6 38. Bf3 b4 39. Qe4 Bd7 40. Rh2 Bc6 41. Qe2 Qb7 42. Bxc6 Qxc6+ 43. Rg2 Qd5 44. Rf1 Qf5 45. Qg4 Qe4 46. Qf3 Qxf3 47. Rxf3 e5 48. fxe5 Bxe5 49. Re2 Rd1+ 50. Kg2 Bd4 51. Re8+ Kg7 52. Re7+ Kg8 53. Re8+ Kg7 54. Re7+ Kg8 55. Re8+ 1/2-1/2

[Event "PHI-ch (Women)"]
[Site "Quezon City"]
[Date "2019.09.04"]
[Round "2"]
[White "Galas, Bernadette"]
[Black "Diaz, Natori Biazza"]
[Result "1-0"]
[WhiteElo "2091"]
[BlackElo "1668"]
[PlyCount "75"]
[EventDate "2019.09.04"]
[EventType "tourn"]
[EventRounds "13"]
[EventCountry "PHI"]
[SourceTitle "EXT 2020"]
[Source "ChessBase"]
[SourceDate "2019.10.17"]
[SourceVersion "1"]
[SourceVersionDate "2019.10.17"]
[SourceQuality "1"]

1. e4 c5 2. Nf3 d6 3. d4 cxd4 4. Nxd4 Nf6 5. Nc3 a6 6. Bd3 e6 7. Be3 Nbd7 8. Qe2 b5 9. a3 Bb7 10. 0-0 Nc5 11. f3 Be7 12. Rad1 0-0 13. Bf2 Nfd7 14. f4 Nb6 15. Qe3 Nba4 16. Nxa4 Nxa4 17. Rb1 Re8 18. c3 e5 19. Nf5 Bf8 20. Bc2 Nc5 21. fxe5 dxe5 22. Bh4 Qc7 23. b4 Re6 24. Kh1 g6 25. Ng3 Na4 26. Bb3 Qxc3 27. Qf2 Qc7 28. Bxe6 fxe6 29. Rbc1 Qd7 30. Rfd1 Qg7 31. Qf6 Re8 32. Qxg7+ Bxg7 33. Rc7 Bc8 34. Rdd7 Bh6 35. Rxh7 g5 36. Rxh6 Rd8 37. h3 gxh4 38. Nh5 1-0

[Event "PHI-ch (Women)"]
[Site "Quezon City"]
[Date "2019.09.04"]
[Round "1"]
[White "Galas, Bernadette"]
[Black "Fronda Pascua, Jan Jodilyn"]
[Result "1/2-1/2"]
[WhiteElo "2091"]
[BlackElo "2147"]
[PlyCount "65"]
[EventDate "2019.09.04"]
[EventType "tourn"]
[EventRounds "13"]
[EventCountry "PHI"]
[SourceTitle "EXT 2020"]
[Source "ChessBase"]
[SourceDate "2019.10.17"]
[SourceVersion "1"]
[SourceVersionDate "2019.10.17"]
[SourceQuality "1"]

1. e4 d5 2. exd5 Qxd5 3. Nc3 Qa5 4. d4 Nf6 5. Nf3 Nc6 6. Bb5 Nd5 7. Bxc6+ bxc6 8. Bd2 Nxc3 9. Bxc3 Qd5 10. 0-0 Bg4 11. Qd3 Bxf3 12. Qxf3 Qxf3 13. gxf3 e6 14. Rfe1 Bd6 15. Rad1 Kd7 16. a4 Rab8 17. b3 h5 18. Bd2 h4 19. h3 Rh5 20. Be3 Rf5 21. Kg2 a5 22. Rd3 Rh8 23. Red1 Rhh5 24. Re1 Kc8 25. Bd2 Bf4 26. Bxf4 Rxf4 27. Re4 Rff5 28. Rde3 c5 29. dxc5 Rxc5 30. c3 Rcd5 31. Kf1 Rd1+ 32. Re1 Rhd5 33. b4 1/2-1/2

[Event "Asian Continental blitz (Women) op"]
[Site "Xingtai"]
[Date "2019.06.15"]
[Round "5"]
[White "Galas, Bernadette"]
[Black "Hoang, Thi Bao Tram"]
[Result "0-1"]
[WhiteElo "2073"]
[BlackElo "2293"]
[PlyCount "92"]
[EventDate "2019.06.15"]
[EventType "swiss (blitz)"]
[EventRounds "9"]
[EventCountry "CHN"]
[SourceTitle "CBM 191 Extra"]
[Source "ChessBase"]
[SourceDate "2019.09.30"]
[SourceVersion "1"]
[SourceVersionDate "2019.09.30"]
[SourceQuality "1"]

1. e4 c6 2. Nc3 d5 3. Qf3 Be6 4. e5 g6 5. Qg3 Bg7 6. f4 Nh6 7. Nf3 f6 8. d4 0-0 9. exf6 exf6 10. Bd3 Bf5 11. 0-0 Bxd3 12. cxd3 Qb6 13. h3 Nd7 14. Kh1 Rae8 15. Qf2 Re7 16. b3 Rfe8 17. Bd2 Qa6 18. Ne1 Nf8 19. Qf3 Ne6 20. Nc2 Nf5 21. Ne2 Qb6 22. Bc3 Nc7 23. Rfe1 Ne3 24. Rac1 Qa6 25. Bb4 Nxc2 26. Rxc2 Re3 27. Qf2 Qxd3 28. Rd2 Qe4 29. Rb2 Nb5 30. Kh2 f5 31. Ng3 Qe6 32. Rxe3 Qxe3 33. Qxe3 Rxe3 34. Nf1 Re4 35. a4 Nxd4 36. Bc3 Rxf4 37. Ng3 h5 38. Rd2 h4 39. Ne2 Nxe2 40. Bxg7 Kxg7 41. Rxe2 Re4 42. Rc2 Kf6 43. Kg1 Ke5 44. Kf2 Kd4 45. Kf3 Kd3 46. Rc1 g5 0-1

[Event "Asian Continental op (Women) 18th"]
[Site "Xingtai"]
[Date "2019.06.13"]
[Round "7"]
[White "Pham, Bich Ngoc"]
[Black "Galas, Bernadette"]
[Result "1/2-1/2"]
[WhiteElo "2167"]
[BlackElo "2073"]
[PlyCount "129"]
[EventDate "2019.06.07"]
[EventType "swiss"]
[EventRounds "9"]
[EventCountry "CHN"]
[SourceTitle "CBM 190 Extra"]
[Source "ChessBase"]
[SourceDate "2019.07.15"]
[SourceVersion "1"]
[SourceVersionDate "2019.07.15"]
[SourceQuality "1"]

1. c4 c5 2. g3 g6 3. Bg2 Bg7 4. Nc3 Nc6 5. e4 d6 6. Nge2 e6 7. 0-0 Nge7 8. d3 0-0 9. Be3 Nd4 10. Qd2 Nec6 11. f4 f5 12. Rae1 Rb8 13. b3 a6 14. h3 b5 15. exf5 gxf5 16. cxb5 axb5 17. Bxc6 Nxc6 18. d4 d5 19. Rf3 b4 20. Na4 c4 21. Nc5 Qa5 22. Bf2 c3 23. Qc2 Na7 24. a4 Nc6 25. g4 Qc7 26. g5 Na5 27. h4 Qf7 28. Ng3 Nb7 29. Na6 Nd6 30. Nxb8 Qb7 31. h5 Qxb8 32. h6 Bh8 33. Nh5 Ne4 34. Be3 Bd7 35. Ng3 Qa7 36. Rd1 Rc8 37. Ne2 Be8 38. Rh3 Bg6 39. Kh2 Qb6 40. Ng1 Nxg5 41. Rg3 Ne4 42. Rg2 Nf6 43. Qd3 Ng4+ 44. Kh1 Nxe3 45. Qxe3 c2 46. Rc1 Bxd4 47. Qe2 Bxg1 48. Rgxg1 Qd6 49. Rge1 d4 50. Rxc2 Qd5+ 51. Kg1 Rc3 52. Rxc3 bxc3 53. Qd3 Bh5 54. Kf2 Kf7 55. a5 c2 56. Rc1 Bd1 57. a6 Qc5 58. Qc4 Qb6 59. Kf1 Qd6 60. Rxc2 Bxc2 61. Qxc2 Qxa6+ 62. Kf2 Qd6 63. Qd2 Kg6 64. b4 Kxh6 65. b5 1/2-1/2